| 000 | 00411 a2200145 4500 | ||
|---|---|---|---|
| 040 | _aDLC | ||
| 082 | _a808.8 | ||
| 100 | _a Irfan, Prof. Niaz | ||
| 245 |
_aMasal Bandi o Masal dari _cProf. Niaz , Irfan, |
||
| 260 |
_aIslamabad: _bMuqtadara Qomi Zuban, _c1987. |
||
| 300 |
_a123 p. ; _c24 cm. |
||
| 500 | _aIncludes bibliographical references and index | ||
| 650 | _aTechnical Writing | ||
| 942 |
_cBK _k808.8 IRF _2ddc |
||
| 999 |
_c4980 _d4980 |
||